| 000 | 00367nam a2200121Ia 4500 | ||
|---|---|---|---|
| 008 | 220216s9999 xx 000 0 und d | ||
| 100 | _aPayne A R | ||
| 245 | 0 | _aNon-linearity in the dynamic properties of rubber | |
| 260 | _bProceedings of the 3rd Rubber Technology Conference, London, 1954; p413-438 | ||
| 650 | _aDynamic property | ||
| 650 | _aRubber | ||
| 942 | _cJS | ||
| 999 |
_c64013 _d64013 |
||